Statystyki dla Quiz o województwie łódzkim

Kliknij tutaj aby rozwiązać quiz!

Ogólne statystyki

  • Ten quiz został rozwiązany 127 razy
  • Średni wynik to 12 z 19

Statystyki odpowiedzi

WskazówkaOdpowiedź% Poprawnych
Siedziba rządówŁódź
93%
Województwa graniczącemazowieckie
91%
Województwa graniczącewielkopolskie
88%
Tablice rejestracyjneE
87%
Województwa granicząceśląskie
87%
Województwa granicząceświętokrzyskie
85%
Województwa graniczącekujawsko-
pomorskie
82%
Kolory na fladzeCzerwony
81%
Drugie najbardziej zaludnione
miasto
Piotrków
Trybunalski
78%
Kolory na fladzeŻółty
78%
Województwa granicząceopolskie
72%
Najbardziej ruchliwa droga
przebiegająca przez woj. łódzkie
A2
65%
Liczba powiatów21
60%
Największy powiat pod względem km2Powiat
{sieradzki}
47%
Najbardziej na zachód
wysunięty powiat
Powiat
{wieruszowski}
43%
Najlepsza drużyna siatkarska, wielokrotny
zwycięzca siatkarskiej ligi polskiej
(jeśli jest to źle sformuowane nie mnie się
czepiajacie tylko youtubeplayer'a)
Skra Bełchatów
38%
Woj. łódzkie ma najmniejszą
_______ w Polsce
Lesistość
25%
WojewodaTobiasz
Bocheński
12%
MarszałekGrzegorz
Schreiber
6%

Rozkład punktacji

Percentyl według liczby udzielonych odpowiedzi

Procent ludzi z każdym wynikiem

Twoja historia wyników

Nie rozwiązałeś tego quizu